Cultural aspects of health care in Arizona : (Record no. 1379)

MARC details
000 -LEADER
fixed length control field 00909nam a2200217 a 4500
005 - DATE AND TIME OF LATEST TRANSACTION
control field 20260322212058.0
008 - FIXED-LENGTH DATA ELEMENTS--GENERAL INFORMATION
fixed length control field data
096 ## - LOCALLY ASSIGNED NLM-TYPE CALL NUMBER (OCLC)
Classification number W 84.5 M854 1990
001 - CONTROL NUMBER
control field data
100 1# - MAIN ENTRY--PERSONAL NAME
Personal name Mulholland, Joyce L.
245 10 - TITLE STATEMENT
Title Cultural aspects of health care in Arizona :
Remainder of title a clinician's manual
Statement of responsibility, etc. Joyce L. Mulholland, GateWay Community College. Division of Nursing & University of Arizona. Rural Health Office.
250 ## - EDITION STATEMENT
Edition statement 2nd ed
260 ## - PUBLICATION, DISTRIBUTION, ETC.
Place of publication, distribution, etc. Phoenix, Ariz.
Name of publisher, distributor, etc. GateWay Community College, Division of Nursing, Maricopa County Community College District
Date of publication, distribution, etc. 1990
650 #0 - SUBJECT ADDED ENTRY--TOPICAL TERM
Topical term or geographic name entry element Medical care
Geographic subdivision Arizona
650 #0 - SUBJECT ADDED ENTRY--TOPICAL TERM
Topical term or geographic name entry element Indians of North America
General subdivision Medical care
Geographic subdivision Arizona
650 #0 - SUBJECT ADDED ENTRY--TOPICAL TERM
Topical term or geographic name entry element Nursing
General subdivision Social aspects
650 #0 - SUBJECT ADDED ENTRY--TOPICAL TERM
Topical term or geographic name entry element Minorities
General subdivision Medical care
Geographic subdivision Arizona
650 #0 - SUBJECT ADDED ENTRY--TOPICAL TERM
Topical term or geographic name entry element Mexican Americans
General subdivision Medical care
Geographic subdivision Arizona
710 2# - ADDED ENTRY--CORPORATE NAME
Corporate name or jurisdiction name as entry element GateWay Community College. Division of Nursing.
710 2# - ADDED ENTRY--CORPORATE NAME
Corporate name or jurisdiction name as entry element University of Arizona. Rural Health Office.
Holdings
Withdrawn status Lost status Damaged status Not for loan Home library Current library Shelving location Date acquired Total checkouts Full call number Barcode Date last seen Price effective from Koha item type
        Riverside Riverside General stacks 22/03/2026   GEN BC0011425 22/03/2026 22/03/2026 Books